| Tag |
First Indicator |
Second Indicator |
Subfields |
| LEADER |
00000cas a2200000 a 4500 |
| 001 |
in00000051274 |
| 005 |
20151007065939.0 |
| 008 |
730920d19731993cauqr1p 0 a0eng |
| 010 |
|
|
|a 73644138
|
| 022 |
|
|
|a 0036-0821
|
| 030 |
|
|
|a SAMQA2
|
| 032 |
|
|
|a 752720
|b USPS
|
| 035 |
|
|
|a (OCoLC)01787138
|
| 035 |
|
|
|9 AAE3022AM
|
| 040 |
|
|
|a DLC
|c DLC
|d NSD
|d m.c.
|d OCL
|d SER
|d AIP
|d NST
|d UtOrBLW
|
| 042 |
|
|
|a lc
|a nsdp
|
| 049 |
|
|
|a TXAE
|
| 050 |
0 |
0 |
|a TL950
|b .S583
|
| 110 |
2 |
|
|a Society for the Advancement of Material and Process Engineering.
|
| 210 |
0 |
|
|a S.A.M.P.E. q.
|
| 222 |
|
0 |
|a S.A.M.P.E. quarterly
|
| 245 |
1 |
0 |
|a SAMPE quarterly.
|
| 246 |
1 |
0 |
|a S A M P E quarterly
|
| 264 |
|
1 |
|a Azusa, Calif. :
|b Society for the Advancement of Material and Process Engineering,
|c 1973-1993.
|
| 300 |
|
|
|a volumes :
|b illustrations ;
|c 28 cm.
|
| 310 |
|
|
|a Quarterly
|
| 336 |
|
|
|a text
|b txt
|2 rdacontent
|
| 337 |
|
|
|a unmediated
|b n
|2 rdamedia
|
| 338 |
|
|
|a volume
|b nc
|2 rdacarrier
|
| 362 |
0 |
|
|a Vol. 4, no. 2 (Jan. 1973)-v. 24, no. 4 (July 1993).
|
| 500 |
|
|
|a Title from cover.
|
| 510 |
0 |
|
|a Electronics and communications abstracts journal (Riverdale)
|x 0361-3313
|
| 510 |
0 |
|
|a ISMEC bulletin
|x 0306-0039
|
| 510 |
0 |
|
|a Pollution abstracts with indexes
|x 0032-3624
|
| 510 |
0 |
|
|a Safety science abstracts journal
|x 0160-1342
|
| 510 |
0 |
|
|a Engineering index monthly (1984)
|x 0742-1974
|
| 510 |
0 |
|
|a Engineering index bioengineering abstracts
|x 0736-6213
|
| 510 |
0 |
|
|a Engineering index energy abstracts
|x 0093-8408
|
| 510 |
0 |
|
|a Energy information abstracts
|x 0147-6521
|
| 510 |
0 |
|
|a Environment abstracts
|x 0093-3287
|
| 510 |
0 |
|
|a Energy research abstracts
|b Nov. 1971-
|x 0160-3604
|
| 510 |
0 |
|
|a Chemical abstracts
|x 0009-2258
|
| 510 |
0 |
|
|a Engineering index annual (1968)
|x 0360-8557
|
| 510 |
0 |
|
|a Engineering index monthly
|x 0013-7960
|
| 510 |
0 |
|
|a Nuclear science abstracts
|x 0029-5612
|
| 510 |
0 |
|
|a International aerospace abstracts
|x 0020-5842
|
| 510 |
0 |
|
|a Metals abstracts
|x 0026-0924
|
| 510 |
0 |
|
|a World aluminum abstracts
|x 0002-6697
|
| 510 |
0 |
|
|a Coal abstracts
|x 0309-4979
|
| 580 |
|
|
|a Continues the publication with the same title issued by the society under its earlier name: Society of Aerospace Material and Process Engineers.
|
| 650 |
|
0 |
|a Materials
|v Periodicals.
|
| 650 |
|
0 |
|a Production engineering
|v Periodicals.
|
| 780 |
1 |
0 |
|a Society of Aerospace Material and Process Engineers.
|t SAMPE quarterly
|x 0036-0821
|w (DLC)sn 77000094
|w (OCoLC)2450360
|
| 785 |
0 |
0 |
|t Journal of advanced materials
|x 1070-9789
|w (DLC)sn 93002884
|w (OCoLC)28528320
|
| 948 |
|
|
|a t2
|
| 999 |
|
|
|a MARS
|
| 999 |
f |
f |
|s 9cce1b58-443e-37d8-8201-d52bdc5ed4dc
|i be1246bd-dbe8-352e-b66f-4671f28e13c6
|t 0
|
| 952 |
f |
f |
|p ric
|a Texas A&M University
|b Rellis Campus
|c Joint Library Facility
|d Remote Storage
|t 0
|e TL950 .S583
|h Library of Congress classification
|i unmediated -- volume
|k v.5
|l 1973/1974
|m A14842219199
|
| 952 |
f |
f |
|p ric
|a Texas A&M University
|b Rellis Campus
|c Joint Library Facility
|d Remote Storage
|t 0
|e TL950 .S583
|h Library of Congress classification
|i unmediated -- volume
|k v.21
|l 1989/1990
|m A14842219777
|
| 952 |
f |
f |
|p ric
|a Texas A&M University
|b Rellis Campus
|c Joint Library Facility
|d Remote Storage
|t 0
|e TL950 .S583
|h Library of Congress classification
|i unmediated -- volume
|k v.13-14
|l 1981/1983
|m A14842219736
|
| 952 |
f |
f |
|p ric
|a Texas A&M University
|b Rellis Campus
|c Joint Library Facility
|d Remote Storage
|t 0
|e TL950 .S583
|h Library of Congress classification
|i unmediated -- volume
|k v.24
|l 1992/1993
|m A14842219801
|
| 952 |
f |
f |
|p ric
|a Texas A&M University
|b Rellis Campus
|c Joint Library Facility
|d Remote Storage
|t 0
|e TL950 .S583
|h Library of Congress classification
|i unmediated -- volume
|k v.23
|l 1991/1992
|m A14842219793
|
| 952 |
f |
f |
|p ric
|a Texas A&M University
|b Rellis Campus
|c Joint Library Facility
|d Remote Storage
|t 0
|e TL950 .S583
|h Library of Congress classification
|i unmediated -- volume
|k v.11-12
|l 1979/1981
|m A14842219728
|
| 952 |
f |
f |
|p ric
|a Texas A&M University
|b Rellis Campus
|c Joint Library Facility
|d Remote Storage
|t 0
|e TL950 .S583
|h Library of Congress classification
|i unmediated -- volume
|k v.6
|l 1974/1975
|m A14842219207
|
| 952 |
f |
f |
|p ric
|a Texas A&M University
|b Rellis Campus
|c Joint Library Facility
|d Remote Storage
|t 0
|e TL950 .S583
|h Library of Congress classification
|i unmediated -- volume
|k v.22
|l 1990/1991
|m A14842219785
|
| 952 |
f |
f |
|p ric
|a Texas A&M University
|b Rellis Campus
|c Joint Library Facility
|d Remote Storage
|t 0
|e TL950 .S583
|h Library of Congress classification
|i unmediated -- volume
|k v.15-16
|l 1983/1985
|m A14842219744
|
| 952 |
f |
f |
|p ric
|a Texas A&M University
|b Rellis Campus
|c Joint Library Facility
|d Remote Storage
|t 0
|e TL950 .S583
|h Library of Congress classification
|i unmediated -- volume
|k v.8
|l 1976/1977
|m A14837339932
|
| 952 |
f |
f |
|p ric
|a Texas A&M University
|b Rellis Campus
|c Joint Library Facility
|d Remote Storage
|t 0
|e TL950 .S583
|h Library of Congress classification
|i unmediated -- volume
|k v.17-18
|l 1985/1987
|m A14842219751
|
| 952 |
f |
f |
|p ric
|a Texas A&M University
|b Rellis Campus
|c Joint Library Facility
|d Remote Storage
|t 0
|e TL950 .S583
|h Library of Congress classification
|i unmediated -- volume
|k v.7
|l 1975/1976
|m A14842219702
|
| 952 |
f |
f |
|p ric
|a Texas A&M University
|b Rellis Campus
|c Joint Library Facility
|d Remote Storage
|t 0
|e TL950 .S583
|h Library of Congress classification
|i unmediated -- volume
|k v.9-10
|l 1977/1979
|m A14842219710
|
| 952 |
f |
f |
|p ric
|a Texas A&M University
|b Rellis Campus
|c Joint Library Facility
|d Remote Storage
|t 0
|e TL950 .S583
|h Library of Congress classification
|i unmediated -- volume
|k v.19-20
|l 1987/1989
|m A14842219769
|
| 952 |
f |
f |
|p ric
|a Texas A&M University
|b Rellis Campus
|c Joint Library Facility
|d Remote Storage
|t 0
|e TL950 .S583
|h Library of Congress classification
|i unmediated -- volume
|k v.6:Index
|l 1975
|m A14842219694
|
| 998 |
f |
f |
|a TL950 .S583
|s v.5-24 (1973/1974-1992/1993)
|t 0
|l Remote Storage
|